Fatigue in rubber.Pt.1 (Record no. 59312)

MARC details
000 -LEADER
fixed length control field 00310nam a2200133Ia 4500
100 ## - MAIN ENTRY--AUTHOR NAME
Personal name Cassie A B D
245 #0 - TITLE STATEMENT
Title Fatigue in rubber.Pt.1
260 ## - PUBLICATION, DISTRIBUTION, ETC. (IMPRINT)
Name of publisher IRI Transactions
Year of publication 1936
300 ## - PHYSICAL DESCRIPTION
Number of Pages 49-80
700 ## - ADDED ENTRY--PERSONAL NAME
Personal name Jones M
700 ## - ADDED ENTRY--PERSONAL NAME
Personal name Naunton W J S
942 ## - ADDED ENTRY ELEMENTS (KOHA)
Koha item type Journals
Holdings
Withdrawn status Lost status Damaged status Not for loan Home library Current library Shelving location Date acquired Serial Enumeration / chronology Koha item type
      Journals RRII Library RRII Library Rubber chemistry 17/12/2021 Volume 12, Issue 1 Journals